Hradec Economic Days double-blind peer-reviewed proceedings of the international scientific conference : january 31st and february 1st, 2017, Hradec Králové, Czech Republic
Gespeichert in:
| Körperschaften: | , |
|---|---|
| Weitere Verfasser: | , , |
| Format: | Buch |
| Sprache: | Englisch |
| Veröffentlicht: |
Hradec Králové
University of Hradec Králové
2017
|
| Ausgabe: | 1st ed. |
| Schlagworte: | |
| Tags: |
Keine Tags, Fügen Sie das erste Tag hinzu!
|
MARC
| LEADER | 00000nlm a2200000 4500 | ||
|---|---|---|---|
| 001 | 0236681 | ||
| 005 | 20220830094806.1 | ||
| 020 | |a 978-80-7435-664-3 | ||
| 022 | |a 2464-6067 | ||
| 041 | 0 | |a eng | |
| 044 | |a CZ | ||
| 245 | 1 | 0 | |a Hradec Economic Days |b double-blind peer-reviewed proceedings of the international scientific conference : january 31st and february 1st, 2017, Hradec Králové, Czech Republic |c edited by: Pavel Jedlička, Petra Marešová, Ivan Soukal |
| 250 | |a 1st ed. | ||
| 264 | 1 | |a Hradec Králové |b University of Hradec Králové |c 2017 | |
| 300 | |a online [991 s.] | ||
| 610 | 2 | 0 | |a ekonómia |
| 610 | 2 | 0 | |a hospodárstvo podnikové |
| 610 | 2 | 0 | |a manažment |
| 610 | 2 | 0 | |a trh finančný |
| 610 | 2 | 0 | |a rozvoj regionálny |
| 610 | 2 | 0 | |a poľnohospodárstvo |
| 610 | 2 | 0 | |a podnik poľnohospodársky |
| 610 | 2 | 0 | |a riadenie regionálne |
| 700 | 1 | |a Jedlička, Pavel | |
| 700 | 1 | |a Marešová, Petra | |
| 700 | 1 | |a Soukal, Ivan | |
| 110 | 2 | |a Hradec Economic Days 2017. International scientific conference | |
| 710 | 2 | |a Univerzita Hradec Králové. Fakulta informatiky a managementu | |